| 000 | 00417nam a2200133Ia 4500 | ||
|---|---|---|---|
| 008 | 231129s2016||||xx |||||||||||||| ||spa|| | ||
| 020 | _a978-958-58986-2-2 | ||
| 040 | _bspa | ||
| 082 | _a303.6609861 P855p | ||
| 245 | 0 | _aEl posconflicto: Una mirada desde la academia | |
| 260 | _c2016 | ||
| 264 | _aBogotá Colombia : Academia Colombiana de Ciencias Económicas | ||
| 942 |
_2ddc _cBKS |
||
| 999 |
_c12149 _d12149 |
||